Calculation of Ruin Probability for Combinations of Exponential Distributions and Their Transposistions

Teória krachu poisťovní. Numerická metóda aproximácie pravdepodobnosti krachu pri výške poistných plnení kombinovanej s posunutým exponenciálnym rozdelením. Výška poistných plnení riadiacich sa zmiešaným rozdelením s posunom. Odhad pravdepodobnosti krachu pre zmiešaný typ rozdelenia. Určenie koefici...

Descrizione completa

Salvato in:
Dettagli Bibliografici
Autore principale: Strešňáková, Anna, 1976-
Natura: Capitolo di libro
Lingua:slovacco
Soggetti:
Tags: Aggiungi Tag
Nessun Tag, puoi essere il primo ad aggiungerne!!

MARC

LEADER 00000naa$a2200000$$$4500
001 0268317
005 20240502083804.2
041 0 |a slo 
044 |a CZ 
245 1 0 |a Calculation of Ruin Probability for Combinations of Exponential Distributions and Their Transposistions  |c Anna Strešňáková 
520 |a Teória krachu poisťovní. Numerická metóda aproximácie pravdepodobnosti krachu pri výške poistných plnení kombinovanej s posunutým exponenciálnym rozdelením. Výška poistných plnení riadiacich sa zmiešaným rozdelením s posunom. Odhad pravdepodobnosti krachu pre zmiešaný typ rozdelenia. Určenie koeficientov výpočtu a zjednodušený postup určovania koeficientov v špeciálnom prípade, ak rozdelenie výšky poistných plnení je kombináciou exponenciálnych rozdelení (bez posunutia). 
610 2 0 |a poisťovne 
610 2 0 |a teória pravdepodobnosti 
610 2 0 |a modelovanie pravdepodobnostné 
610 2 0 |a úpadok podniku 
610 2 0 |a bankrot 
610 2 0 |a riadenie rizík 
610 2 0 |a analýza numerická 
610 2 0 |a odhad štatistický 
610 2 0 |a modely aktuárske 
100 1 |a Strešňáková, Anna, 1976-